<?xml version="1.0" encoding="UTF-8"?>
<record
    xmlns:xsi="http://www.w3.org/2001/XMLSchema-instance"
    xsi:schemaLocation="http://www.loc.gov/MARC21/slim http://www.loc.gov/standards/marcxml/schema/MARC21slim.xsd"
    xmlns="http://www.loc.gov/MARC21/slim">

  <leader>006860000a22002050004500</leader>
  <datafield tag="090" ind1=" " ind2=" ">
    <subfield code="a">Seriadas</subfield>
  </datafield>
  <datafield tag="245" ind1="1" ind2="0">
    <subfield code="a">An&#xE1;lisis de la clasificaci&#xF3;n de corredores ecol&#xF3;gicos para la estructura ecol&#xF3;gica principal de Bogot&#xE1;</subfield>
  </datafield>
  <datafield tag="260" ind1=" " ind2=" ">
    <subfield code="c">2005</subfield>
  </datafield>
  <datafield tag="044" ind1=" " ind2=" ">
    <subfield code="a">Colombia</subfield>
  </datafield>
  <datafield tag="041" ind1="0" ind2=" ">
    <subfield code="a">Espa&#xF1;ol</subfield>
  </datafield>
  <datafield tag="690" ind1=" " ind2=" ">
    <subfield code="a">Corredores ecol&#xF3;gicos</subfield>
    <subfield code="9">75249</subfield>
  </datafield>
  <datafield tag="690" ind1=" " ind2=" ">
    <subfield code="a">Servicios ambientales</subfield>
    <subfield code="9">94060</subfield>
  </datafield>
  <datafield tag="690" ind1=" " ind2=" ">
    <subfield code="a">Zonificaci&#xF3;n ecol&#xF3;gica</subfield>
    <subfield code="9">6284</subfield>
  </datafield>
  <datafield tag="690" ind1=" " ind2=" ">
    <subfield code="a">Estructura ecol&#xF3;gica principal</subfield>
    <subfield code="9">100541</subfield>
  </datafield>
  <datafield tag="690" ind1=" " ind2=" ">
    <subfield code="a">Ordenamiento territorial</subfield>
    <subfield code="9">92437</subfield>
  </datafield>
  <datafield tag="651" ind1=" " ind2="4">
    <subfield code="p">Colombia</subfield>
    <subfield code="m">Bogot&#xE1;</subfield>
    <subfield code="9">92749</subfield>
  </datafield>
  <datafield tag="100" ind1="1" ind2=" ">
    <subfield code="a">Remolina Angarita, Fernando</subfield>
    <subfield code="9">100542</subfield>
  </datafield>
  <datafield tag="942" ind1=" " ind2=" ">
    <subfield code="c">ARTICULO</subfield>
  </datafield>
  <datafield tag="773" ind1="1" ind2=" ">
    <subfield code="t">P&#xE9;rez Arbelaezia</subfield>
    <subfield code="h">16</subfield>
    <subfield code="q">29-44</subfield>
    <subfield code="d">2005</subfield>
  </datafield>
  <datafield tag="999" ind1=" " ind2=" ">
    <subfield code="c">16303</subfield>
    <subfield code="d">16303</subfield>
  </datafield>
</record>
